| 000 | 00890nas a2200301 4500 | ||
|---|---|---|---|
| 001 | BR2016000256 | ||
| 003 | BR-BrBNA | ||
| 005 | 20231205130038.0 | ||
| 007 | ta | ||
| 008 | 230509b bl.|||p| |||| 00| 00por d | ||
| 040 |
_aBR-BrBNA _bpor _cBiblioteca Nacional de Agricultura |
||
| 041 | _a(Pt) | ||
| 072 | _aU10 | ||
| 100 | 1 | _aFerreira, W.J. | |
| 100 | 1 | _aBatista, G.T. | |
| 100 | 1 | _aTarga, M. dos S | |
| 100 | 1 | _aCastro, C.M. de | |
| 100 | 1 | _aDevide, A.C.P. | |
| 100 | 1 | _aBraz, L. | |
| 245 | 1 | _aEquações alométricas para estimativa de fitomassa em cultivo de pinhão manso | |
| 650 | _aPINHÃO DE PURGA | ||
| 650 | _aCARBONO | ||
| 650 | _aBIOENERGIA | ||
| 650 | _aMODELO MATEMÁTICO | ||
| 773 | 0 |
_tFloresta e Ambiente (Brazil) _xISSN 1415-0980 _g(Oct-Dec 2015), v. 22(4) p. 494-502 _wBR2016000256 |
|
| 909 |
_a202311 _bLúcia _c55 _dLúcia Elande |
||
| 942 |
_2AGRIS _n0 _cANA |
||
| 999 |
_c247610 _d247610 |
||